Les personnages de Breaking Bad (Spoil) - Statistiques

Statistiques générales
  • Ce quiz a été pris 1 008 fois
  • Le résultat moyen est 16 sur 32
Statistiques - réponses
Indice Personnage % Correct
Il se fait appeler "Heisenberg" Walter White
100%
Sa femme Skyler White
94%
Son mari, agent de la DEA d'Albuquerque Hank Schrader
93%
Leur fils, atteint d'un handicap psycho-moteur Walter White Jr.
88%
Partenaire du personnage principal Jesse Pinkman
85%
Baron de la drogue qui détient la chaîne de restaurants "Los Pollos Hermanos" Gustavo Fring
82%
Belle-sœur de Heisenberg qui travaille dans un hôpital Marie Schrader
79%
Avocat véreux qui protège les protagonistes Saul Goodman
78%
Dealer important du début de la série, tué par un agent de la DEA Tuco Salamanca
77%
Son principal "Homme à tout faire" Mike Ehrmantraut
73%
Membre du cartel à la retraite, il s'exprime à l'aide d'une clochette Hector Salamanca
66%
Sa première copine, tatoueuse Jane Margolis
60%
Ami et collègue de ce dernier Steven Gomez
50%
Son ami, de son vrai nom "Brandon Mahyew" Badger
49%
Chef d'entreprise, amant de la femme d'Heisenberg Ted Beneke
49%
Leur fille qui nait durant la série Holly White
48%
Premier antagoniste de la série, tué par Heisenberg Krazy-8
46%
Le chimiste qu'il engage pour aider Heisenberg Gale Boetticher
44%
Son meilleur ami Skinny Pete
44%
Fils de ce dernier empoisonné par Heisenberg Brock Cantillo
40%
Ancien exterminateur de nuisibles qui entreprend la confection de méthamphétamine Todd Alquist
38%
Ses hommes de main (citez-en 1) Huell Babineaux | Patrick Kuby
36%
Fournisseuse de méthylamine employée de Madrigal Electromotive Lydia Rodarte-Quayle
36%
Anciens partenaires d'Heisenberg, propriétaires de l'entreprise Gray Matter Technologies (citez-en 1) Gretchen Schwartz | Elliot Schwartz
30%
Membres principaux du gang auquel appartient ce dernier (citez-en 1) Jack Welker | Kenny
29%
Ses autres hommes de main (citez-en 1) Tyrus Kitt | Victor
29%
Sa deuxième copine, ancienne toxicomane Andrea Cantillo
27%
Son ami qui a fourni le camping-car aux personnages principaux Combo
25%
Ancien patron de Heisenberg, propriétaire du lave-auto Bogdan Wolynetz
18%
Sa secrétaire Francesca Liddy
15%
Directrice du lycée dans lequel travaille Heisenberg Carmen Molina
8%
Patron de la DEA d'Albuquerque pendant une grande partie de la série George Merkert
3%
Aucun quiz correspondant
Distribution des résultats
% des personnes avec chaque résultat
Percentile par nombre de réponses
Votre historique - résultats
Vous n’avez pas pris ce quiz